| 000 | 00622 a2200217 4500 | ||
|---|---|---|---|
| 001 | 44318 | ||
| 005 | 20260407155721.0 | ||
| 008 | 260407a1968 arg spa d | ||
| 003 | AR-UNSa-BCEJYS | ||
| 040 |
_aAR-UNSa-BCEJYS _bspa _cAR-UNSa-BCEJYS |
||
| 080 |
_a(038.2)=133.1 _xDiccionario Bilingüe francés-español, español-francés |
||
| 245 | 1 | 0 | _aDictionnaire espagnol français |
| 264 | 1 |
_aParis : _bLibrairie Hachette _c1968 |
|
| 300 |
_a1750 p. _c21 cm. |
||
| 041 | _aspa | ||
| 942 | _cBK | ||
| 590 | _aniveau_biblio:m niveau_hierar:0 | ||
| 100 | 1 | _aDenis, S. | |
| 700 | 1 | _aPompidou, L. | |
| 700 | 1 | _aMaraval, M. | |
| 999 |
_c3785 _d3785 |
||